Principles of active network synthesis and design
Salvato in:
| Autore principale: | |
|---|---|
| Natura: | Libro |
| Lingua: | inglese |
| Pubblicazione: |
Nueva York
John Wiley
1976
|
| Soggetti: | |
| Tags: |
Aggiungi Tag
Nessun Tag, puoi essere il primo ad aggiungerne!!
|
MARC
| LEADER | 00000nam a2200000 a 4500 | ||
|---|---|---|---|
| 001 | UCU5229 | ||
| 003 | CL-VaPUC | ||
| 008 | 960531e19760000US |||||||||||||||||eng|d | ||
| 082 | 0 | 4 | |a 621.319 |b DAR |2 21 |
| 100 | 0 | |a Daryanani, Gobind |e author |9 363129 | |
| 245 | 1 | 0 | |a Principles of active network synthesis and design |
| 300 | |a 495 p | ||
| 942 | |c BK | ||
| 945 | |d 19960531 00:00:00 |a lriquelm | ||
| 260 | |a Nueva York |b John Wiley |c 1976 | ||
| 650 | 0 | |a Circuitos eléctricos |9 260262 | |
| 650 | 0 | |a Conductores eléctricos |9 263132 | |
| 650 | 7 | |a TECNOLOGIA ELECTRICA |2 CL-VaPUC |9 336952 | |
| 650 | 0 | |a Corrientes eléctricas |9 354960 | |
| 583 | |a last modification |c 19960531 00:00:00 |k Rodrigo Vera | ||
| 999 | |c 248659 |d 248657 | ||
| 952 | |0 0 |1 0 |4 0 |6 621_319000000000000_DAR_1976 |7 0 |8 A |9 265443 |a BIBING |b BIBING |d 2019-11-19 |i 1669087 |o 621.319 DAR 1976 |p 1669087 |r 2025-01-20 |w 2019-11-19 |y BK |k EIE | ||